Hamad International Airport Destinations (Doha, Qatar) - Statistics

General Stats
  • This quiz has been taken 232 times
    134 since last reset
  • The average score is 133 of 202
Answer Stats
Airline Destination % Correct
Etihad Airways/Qatar Airways Abu Dhabi
94%
flydubai/Qatar Airways Dubai (International)
92%
Qatar Airways/Turkish Airlines Istanbul
92%
Pegasus Airlines/Qatar Airways Istanbul (Sabiha Gokcen)
92%
Air India/Akasa Air/IndiGo/Qatar Airways Mumbai
92%
flynas/Qatar Airways/Saudia Riyadh
92%
Qatar Airways London (Gatwick)
91%
British Airways/Qatar Airways London (Heathrow)
91%
Ethiopian Airlines/Qatar Airways Addis Ababa
90%
flynas/Qatar Airways/Saudia Jeddah
90%
Iberia/Qatar Airways Madrid
90%
Aeroflot/Qatar Airways Moscow (Sheremetyevo)
90%
Qatar Airways New York (JFK)
90%
Qatar Airways Barcelona
88%
Qatar Airways/XiamenAir Beijing (Daxing)
88%
Egyptair/Qatar Airways Cairo
88%
Air India/IndiGo/Qatar Airways Delhi
88%
Biman Bangladesh Airlines/Qatar Airways/US-Bangla Airlines Dhaka
88%
Finnair Helsinki
88%
Pakistan International Airlines/Qatar Airways Islamabad
88%
Qatar Airways Los Angeles
88%
Qatar Airways Amsterdam
87%
Qatar Airways Cape Town
87%
Qatar Airways Frankfurt
87%
Garuda Indonesia/Qatar Airways Jakarta (Soekarno-Hatta)
87%
Malaysia Airlines/Qatar Airways Kuala Lumpur (International)
87%
Jazeera Airways/Kuwait Airways/Qatar Airways Kuwait City
87%
Philippine Airlines/Qatar Airways Manila
87%
Oman Air/Qatar Airways/SalamAir Muscat
87%
Qatar Airways Paris (Charles de Gaulle)
87%
Qatar Airways San Francisco
87%
Qatar Airways Shanghai (Pudong)
87%
Qatar Airways/Virgin Australia Sydney
87%
Japan Airlines Tokyo (Haneda)
87%
Qatar Airways Tokyo (Narita)
87%
Qatar Airways/Royal Jordanian Amman (Queen Alia)
86%
Qatar Airways Berlin
86%
Qatar Airways/SriLankan Airlines Colombo (Bandaranaike)
86%
Finnair/Qatar Airways Stockholm (Arlanda)
86%
Qatar Airways Tehran (Imam Khomeini)
86%
Qatar Airways Ankara
84%
Azerbaijan Airlines/Qatar Airways Baku
84%
Qatar Airways Bangkok (Suvarnabhumi)
84%
Qatar Airways Brussels
84%
Qatar Airways/Royal Air Maroc Casablanca
84%
China Southern Airways/Qatar Airways Guangzhou
84%
Ariana Afghan Airlines/Kam Air Kabul
84%
Qatar Airways/Virgin Australia Melbourne
84%
Qatar Airways Miami
84%
Qatar Airways/Virgin Australia Perth
84%
Air Algérie/Qatar Airways Algiers
83%
Qatar Airways Auckland
83%
Middle East Airlines/Qatar Airways Beirut
83%
Qatar Airways Dublin
83%
Qatar Airways Hong Kong
83%
Qatar Airways Johannesburg (O.R. Tambo)
83%
Qatar Airways Manchester
83%
XiamenAir Xiamen
83%
Air Cairo/Qatar Airways Alexandria
82%
Qatar Airways Baghdad
82%
Qatar Airways Dallas/Fort Worth
82%
Qatar Airways Karachi
82%
Himalaya Airlines/Nepal Airlines/Qatar Airways Kathmandu
82%
Pakistan International Airlines/Qatar Airways Lahore
82%
Shenzhen Airlines Shenzhen
82%
Qatar Airways Zürich
82%
Gulf Air/Qatar Airways Bahrain
81%
Qatar Airways Boston
81%
Qatar Airways/Virgin Australia Brisbane
81%
Qatar Airways Denpasar
81%
Qatar Airways Milan (Malpensa)
81%
Qatar Airways Munich
81%
Qatar Airways Osaka (Kansai)
81%
Qatar Airways Oslo
81%
Qatar Airways Seattle/Tacoma
81%
Qatar Airways Vienna
81%
Qatar Airways Warsaw (Chopin)
81%
Qatar Airways Adelaide
79%
Qatar Airways Chicago (O'Hare)
79%
Qatar Airways Kolkata
79%
Qatar Airways Rome (Fiumicino)
79%
Qatar Airways Seoul (Incheon)
79%
Qatar Airways Singapore
79%
Qatar Airways Abuja
78%
FlyArystan/Qatar Airways Almaty
78%
FlyArystan Astana
78%
Qatar Airways Athens
78%
Qatar Airways Bucharest
78%
Qatar Airways Budapest
78%
Qatar Airways Hanoi
78%
Qatar Airways Lagos
78%
Qatar Airways São Paulo (Guarulhos)
78%
Qatar Airways Washington (Dulles)
78%
Qatar Airways Copenhagen
77%
Qatar Airways/Syrian Air Damascus
77%
flynas/Qatar Airways Medina
77%
Centrum Air/Qatar Airways Tashkent
77%
Qatar Airways Chengdu (Tianfu)
75%
IndiGo/Qatar Airways Chennai
75%
Qatar Airways Houston (Intercontinental)
75%
Qatar Airways Nairobi (Jomo Kenyatta)
75%
Qatar Airways Tunis
75%
Pegasus Airlines/Qatar Airways Antalya
74%
IndiGo/Qatar Airways Bangalore
74%
Qatar Airways Edinburgh
74%
Qatar Airways Ho Chi Minh City
74%
Qatar Airways Toronto (Pearson)
74%
Qatar Airways Birmingham
73%
Qatar Airways Dar es Salaam
73%
IndiGo/Qatar Airways Hyderabad
73%
Belavia Minsk
73%
Qatar Airways Ahmedabad
71%
Qatar Airways Geneva
71%
Qatar Airways Tbilisi
71%
Qatar Airways Yerevan
71%
Qatar Airways Atlanta
70%
Qatar Airways Belgrade
70%
Qatar Airways Marrakesh
70%
Qatar Airways Montréal (Trudeau)
70%
American Airlines Philadelphia
70%
Qatar Airways/RwandAir Kigali
69%
Qatar Airways Nice
69%
Qatar Airways Phuket
69%
Qatar Airways Venice
69%
Qatar Airways Düsseldorf
68%
Qatar Airways Prague
68%
Qatar Airways Zagreb
68%
Qatar Airways Luanda
66%
Qatar Airways Malé
66%
Qatar Airways Sofia
66%
Qatar Airways Accra
65%
Qatar Airways Hamburg
65%
Air Arabia/Qatar Airways Sharjah
64%
Qatar Airways Cebu
62%
Iran Air Lar
62%
Qatar Airways Dammam
61%
Qatar Airways Mogadishu
61%
Qatar Airways Erbil
60%
Qatar Airways Kinshasa (N'djili)
60%
Qatar Airways Abidjan
58%
Qatar Airways Chongqing
57%
Qatar Airways Larnaca
57%
Somon Air Dushanbe
56%
Badr Airlines/Qatar Airways/Tarco Aviation Khartoum
56%
Air India/Air India Express/IndiGo/Qatar Airways Kochi
56%
Qatar Airways Durban
53%
Qatar Airways Málaga
53%
Biman Bangladesh Airlines/Qatar Airways/US-Bangla Airlines Chittagong
52%
Qatar Airways Zanzibar
52%
Qatar Airways Basra
51%
Qatar Airways Malta
51%
Iran Air/Qatar Airways Shiraz
51%
Qatar Airways Mashhad
49%
Pakistan International Airlines/Qatar Airways Peshawar
49%
Qatar Airways Sarajevo
48%
Qatar Airways Bodrum
47%
Qatar Airways Goa (Mopa)
47%
Qatar Airways Lusaka
47%
Qatar Airways Djibouti
45%
Qatar Airways Entebbe
45%
Qatar Airways Harare
45%
Qatar Airways Isfahan
45%
Qatar Airways Salalah
45%
Qatar Airways Maputo
44%
Qatar Airways Phnom Penh
44%
Biman Bangladesh Airlines Sylhet
44%
Qatar Airways Hangzhou
40%
Qatar Airways Amritsar
39%
Air India Express/IndiGo/Qatar Airways Kozhikode
39%
Qatar Airways Mahé
39%
Qatar Airways Mykonos
39%
Air India Express/Qatar Airways Thiruvananthapuram
39%
Pegasus Airlines/Qatar Airways Trabzon
36%
Qatar Airways Canberra
35%
Pakistan International Airlines/Qatar Airways Sialkot
35%
Qatar Airways Ras Al Khaimah
34%
Qatar Airways Kilimanjaro
31%
Qatar Airways Najaf
31%
Qatar Airways Kano
30%
Qatar Airways Abha
29%
Qatar Airways Faisalabad
29%
Qatar Airways Multan
29%
Qatar Airways Nagpur
29%
Badr Airlines/Tarco Aviation Port Sudan
27%
Qatar Airways Davao
26%
Qatar Airways Neom Bay
25%
Qatar Airways Clark
23%
Air India Express Mangalore
22%
Iran Air Bandar Abbas
21%
Qatar Airways Ta'if
19%
Qatar Airways Port Harcourt
18%
FlyArystan Aktobe
17%
Air India Express/IndiGo Kannur
17%
Qatar Airways Al Ula
16%
FlyArystan Aqtau
14%
Air India Express Tiruchirappalli
14%
Air Cairo Assiut
13%
Air Cairo Sohag
13%
Qatar Airways Yanbu
13%
Qatar Airways Gassim
8%
Qatar Airways Sohar
5%
Qatar Airways Sulaymaniah
3%
No matching quizzes found
Score Distribution
Percent of People with Each Score
Percentile by Number Answered
Your Score History
You have not taken this quiz since the last reset